000 003070000a22001450004500
003 MACL
040 _aMACL
090 _c4761
_d4760
100 _aThandavan, R
245 _aEthic Movement In India
260 _bKanishka Publishing House
_c1993
350 _a300
650 _aSociology
942 _cBOOK
_k300
999 _c4723
_d4723